कुम्हार, धोबी, बुनकर, मोची हमारे समय में श्रम की गरिमा / (Record no. 32854)
[ view plain ]
| 000 -LEADER | |
|---|---|
| fixed length control field | 02087nam a22002417a 4500 |
| 005 - DATE AND TIME OF LATEST TRANSACTION | |
| control field | 20091215115956.0 |
| 020 ## - INTERNATIONAL STANDARD BOOK NUMBER | |
| International Standard Book Number | 9788189976477 |
| Terms of availability | 80.00 |
| 035 ## - SYSTEM CONTROL NUMBER | |
| System control number | B-377834-837 |
| 037 ## - SOURCE OF ACQUISITION | |
| Source of stock number/acquisition | एकलव्य प्रकाशन |
| 082 ## - DEWEY DECIMAL CLASSIFICATION NUMBER | |
| Classification number | 331 |
| 100 ## - MAIN ENTRY--PERSONAL NAME | |
| Personal name | आइलैया, कांचा |
| 245 ## - TITLE STATEMENT | |
| Title | कुम्हार, धोबी, बुनकर, मोची हमारे समय में श्रम की गरिमा / |
| Statement of responsibility, etc | कांचा आइलैया; भरत त्रिपाठी द्वारा अँग्रेजी से अनुदित |
| 260 ## - PUBLICATION, DISTRIBUTION, ETC. (IMPRINT) | |
| Place of publication, distribution, etc | भोपाल |
| Name of publisher, distributor, etc | एकलव्य |
| Date of publication, distribution, etc | 2009 |
| 270 ## - ADDRESS | |
| Address | ई-10, बीडीए कालोनी शंकर नगर, शिवाजी नगर |
| City | भोपाल |
| Postal code | 462016 (म.प्र.) |
| Telephone number | 0755 2550976, 2671017 |
| Fax number | 0755 2551108 |
| Electronic mail address | www.eklavya.in |
| 300 ## - PHYSICAL DESCRIPTION | |
| Extent | 108पृ. |
| Other physical details | सचित्र |
| Dimensions | 22सेमी (अजिल्द) |
| 700 ## - ADDED ENTRY--PERSONAL NAME | |
| Personal name | त्रिपाठी, भरत |
| 9 (RLIN) | 1480 |
| 942 ## - ADDED ENTRY ELEMENTS (KOHA) | |
| Source of classification or shelving scheme | Dewey Decimal Classification |
| Item type | Children Books |
| Classification part | 331 |
| Call number suffix | आइलै |
| Withdrawn status | Lost status | Not for loan | Collection code | Home library | Current library | Date acquired | Source of acquisition | Cost, normal purchase price | Full call number | Barcode | Copy number | Cost, replacement price | Koha item type |
|---|---|---|---|---|---|---|---|---|---|---|---|---|---|
| Non-fiction | Central Library | Central Library | 26/07/2010 | एकलव्य प्रकाशन/0626/12.02.10/244/16.01.10/20.02.10 | 80.00 | 331 आइलै | B-377834 | 1 | 80.00 | Children Books | |||
| Withdrawn | Non-fiction | Janak Puri | Janak Puri | 26/07/2010 | एकलव्य प्रकाशन/0626/12.02.10/244/16.01.10/20.02.10 | 80.00 | 331 आइलै | B-377835 | 1 | 80.00 | Children Books | ||
| Withdrawn | Non-fiction | Shahdara Branch | Shahdara Branch | 26/07/2010 | एकलव्य प्रकाशन/0626/12.02.10/244/16.01.10/20.02.10 | 80.00 | 331 आइलै | B-377837 | 1 | 80.00 | Children Books | ||
| Non-fiction | Vinoba Puri | Vinoba Puri | 26/07/2010 | एकलव्य प्रकाशन/0626/12.02.10/244/16.01.10/20.02.10 | 80.00 | 331 आइलै | B-377836 | 1 | 80.00 | Children Books |
